000 00646nam a2200265Ia 4500
005 20260121165833.0
008 008 260114s9999 xx 000 0 eng d
020 _a9783319313146
037 _aEBOOK
040 _aCRL
040 _beng
040 _cCRL
041 _2eng
041 _aeng
084 _qCRL
100 _aJian-Xin Zhu
_91056640
245 0 _aBogoliubov-de Gennes Method and Its Applications
260 _bSpringer
260 _bSpringer
260 _c2016
856 _uhttps://link.springer.com/openurl?genre=book&isbn=978-3-319-31314-6
942 _cEBOOK
999 _c1622368
_d1622368